02095nam a22002897a 4500999001700000003000900017008004100026040007100067082002400138110005600162245009500218260004600313300002900359440006700388505097800455650003501433650003201468650002901500650003301529650002801562700003701590700003001627700002701657942001201684945000801696952010101704 c22002d22002AR-CdUCM190425b ||||| |||| 00| 0 spa d aMUNICIPALIDAD PROVINCIAL DEL CUSCOcBIBLIOTECA MUNICIPAL DEL CUSCO aHist.Ecle/N°3/1994 aInstituto Peruano de Historia Eclesiástica947113 aRevista peruana de Historia Eclesiástica /cInstituto Peruano de Historia Eclesiástica aLima.bServicio copias Gráficas,c1994. a258 páginas. :c22 cm. aRevista peruana de Historia Eclesiástica.nN°3,1994.947122 aContenido: Las ordenes religiosas y la población andina. -- Clero diocesano y población andina. José Dammert Bellido. -- Los dominicos y la población andina siglos XVI-XVIII. Guillermo Álvarez. -- Los franciscanos y la defensa de la población andina del Perú siglos XVI-XVIII. Federico Richter. -- Los agustinos y la defensa de los naturales del Perú. Benigno Uyarra Cámara. -- Los mercedarios y la defensa del hombre andino siglos XVI-XVIII. Severo Aparicio. -- Jesuitas en el mundo andino las reducciones de Juli. Armando Nieto Vélez. -- Los franciscanos del Perú defensores del nativo. Julián Heras. -- La población nativa en los concilios limenses y sínodos diocesanos. José Dammert Bellido. -- La corona española y la población indígena. Guillermo Lohmann Villena. -- La cultura en el Perú en los últimos tiempos de la evangelización. Franklin Pease. -- La actitud de la Iglesia ante la población negra. Jean Pierre Tardieu. aHistoria eclesiástica942856 aEducación colonial925888 aHistoria del Cusco91714 aReligión católica947116 aEvangelización947119 aLohman Villena, Guillermo947117 aRichter, Federico947120 aDammert, José947121 2ddccPP arac 002ddc4070aHEMbHEMcCARTd2022-02-03g10.00oHist.Ecle/N°3/1994pREVC000526r2022-02-03yPP